| 000 | 00735nam a22002417a 4500 | ||
|---|---|---|---|
| 003 | UA-OsUOA | ||
| 001 | 37399 | ||
| 007 | ta | ||
| 008 | 20060313b un ||||| |||| 00| 0 ukr d | ||
| 090 |
_a347.96(094.4)(477) _bЗ-19 |
||
| 942 | _cBK | ||
| 040 |
_aUA-OsUOA _brus _cUA-OsUOA _dUA-OsUOA |
||
| 245 |
_aЗаконы Укараины "О прокуратуре", "О милиции", "Об адвокатуре" _bКомментарии |
||
| 300 | _a304 с. | ||
| 955 | _a2 | ||
| 041 | _arus | ||
| 080 | _a347.96(094.4)(477) | ||
| 020 | _a966-633-442-9 | ||
| 260 |
_aХ. _bООО "Одессей" _c2005 |
||
| 250 | _nизд. 4-е | ||
| 650 | 7 |
_a347 Цивільне право. Судовий устрій _2UDC |
|
| 999 |
_c323587 _d323587 |
||